Datum a čas kvízu
35
Celkem bodů
Celkový počet nahraných bodů na tomto kvízu bez doplňovacích otázek.
3.
Pořadí na kvízu
Konečné umístění týmu na tomto kvízu.
Zaznamenané odpovědi
| # | Otázka | Odpověď | Body | Výsledky |
|---|---|---|---|---|
| 1. | Ve Všetatech na Mělnicku byl v... | Jan Palach | 1 | |
| 2. | Americká společnost Johnson &... | narostla mu prsa | 1 | |
| 3. | Ti z Vás, kdo pravidelně sledu... | zavedení lokalizované (české) verze nabídky | 1 | |
| 4. | Univerzita Karlova uzavřela pa... | Home Credit | 1 | |
| 5. | Jedna z německých fotbalových... | Bastian Schweinsteiger | 1 | |
| 6. | Téma o Brazílii zvítězilo ve f... | USA, Čína | 0 | |
| 7. | Pokud bychom chtěli v říjnu 20... | v Curychu | 0 | |
| 8. | Věříme, že většina z Vás bude... | Paulo Coelho, Jorge Amado | 0.5 | |
| 9. | Typické brazilské jídlo se jme... | fazole | 1 | |
| 10. | Co se týče slavných osobností,... | Alessandra Ambrosio | 1 |